00838cam a22002412i 4500001001300000003000700013005001700020008004100037020002800078040001300106042000900119084001600128090000800144245004800152250001100200260003600211300001800247650002400265942001600289999001500305952013800320952013800458CIP113014948yeezen20250717092655.0240924s2024 ch e 000 0 chi d a9789863685593q(平裝) aCIPbchi anbic a4152ncsclt a41510a重症醫學實證精要 /c尹彙文主編 a二版 a新北市 :b合記, c2024.10. a面 ;c公分 72lcstta重症醫學 2cclcLNTERM c7651d7651 00102ccl4070ayeezenbyeezencN007d2025-07-03l3m1o415pC03238q2026-06-30r2026-01-02 00:00:00s2026-01-02w2025-07-03yLNTERM 00102ccl4070ayeezenbyeezencN016d2025-07-03l3m1o415pC03239q2026-06-30r2026-01-02 00:00:00s2026-01-02w2025-07-03yLNTERM